000 00996nam a22002777a 4500
001 BR7303839
003 BR-BrBNA
005 20230928084005.0
007 ta
008 230509b bl.||||| |||| 00| 0 por d
040 _aBR-BrBNA
_bpor
_cBiblioteca Nacional de Agricultura
041 _a(Eng)
072 _aN10; E50
_b/G520
090 _ N10 BR7303839
100 1 _aSilva, J. da (Fundacao Universidade Federal de Mato Grosso, Cuiaba (Brazil)
110 1 _aMississippi State Univ., State (USA). Dept. of Sociology
_0Thesis (Master of Science)
_97619
245 1 _aSociological implications of rural electrification in Ecuador [Eletrificacao rural; Sociologia rural]
_bProject evaluation
260 3 _aMississipi State University (USA):
_c1976.
300 _av. 1-2
500 _a103 tables; Summary (Eng); Bibliography p. 336-344 (110 ref.)
650 _aEletrificacao rural
650 _aSociologia rural
650 _aEquador
909 _a202309
_bLucia
_c55
_dLucia Elande
942 _cBK
999 _c16186
_d16186